Sports Quiz

Random Sports or Auto Racing Quiz

Formula One: Bahrain Grand Prix since 2004 Quiz Stats

Quiz not verified by Sporcle

Challenge
Share
Tweet
Embed
Score 0/98 Timer 10:00
0 Plays Today
Hint Answer % Correct
2007Lewis Hamilton
99.3%
2009Lewis Hamilton
99.3%
2010Lewis Hamilton
99.3%
2012Lewis Hamilton
99.3%
2013Lewis Hamilton
99.3%
2014Lewis Hamilton
99.3%
2015Lewis Hamilton
99.3%
2004Fernando Alonso
99.1%
2005Fernando Alonso
99.1%
2006Fernando Alonso
99.1%
2007Fernando Alonso
99.1%
2009Sebastian Vettel
99.1%
2009Fernando Alonso
99.1%
2010Fernando Alonso
99.1%
2010Sebastian Vettel
99.1%
2012Sebastian Vettel
99.1%
2012Fernando Alonso
99.1%
2013Sebastian Vettel
99.1%
2013Fernando Alonso
99.1%
2014Sebastian Vettel
99.1%
2014Fernando Alonso
99.1%
2015Sebastian Vettel
99%
2004Jenson Button
98.7%
2006Jenson Button
98.7%
2009Jenson Button
98.7%
2010Jenson Button
98.7%
2013Jenson Button
98.7%
2015Nico Rosberg
98.3%
2005Felipe Massa
98.2%
2006Nico Rosberg
98.2%
2007Felipe Massa
98.2%
2008Felipe Massa
98.2%
2008Nico Rosberg
98.2%
Hint Answer % Correct
2010Felipe Massa
98.2%
2010Nico Rosberg
98.2%
2012Nico Rosberg
98.2%
2012Felipe Massa
98.2%
2013Nico Rosberg
98.2%
2014Nico Rosberg
98.2%
2014Felipe Massa
98.2%
2015Felipe Massa
98.1%
2004Michael Schumacher
97.8%
2006Michael Schumacher
97.8%
2010Michael Schumacher
97.8%
2012Michael Schumacher
97.8%
2005Kimi Raikkonen
97.6%
2006Kimi Raikkonen
97.6%
2007Kimi Raikkonen
97.6%
2008Kimi Raikkonen
97.6%
2009Kimi Raikkonen
97.6%
2012Kimi Raikkonen
97.6%
2013Kimi Raikkonen
97.6%
2014Kimi Raikkonen
97.6%
2015Kimi Raikkonen
97.3%
2004Mark Webber
96.9%
2005Mark Webber
96.9%
2006Mark Webber
96.9%
2008Mark Webber
96.9%
2010Mark Webber
96.9%
2012Mark Webber
96.9%
2013Mark Webber
96.9%
2004Ralf Schumacher
96.7%
2005Ralf Schumacher
96.7%
2004Rubens Barrichello
94.9%
2009Rubens Barrichello
94.9%
2010Rubens Barrichello
94.9%
Hint Answer % Correct
2014Daniel Ricciardo
94.9%
2015Daniel Ricciardo
94.7%
2014Valtteri Bottas
93.8%
2015Valtteri Bottas
93.7%
2012Romain Grosjean
93.6%
2013Romain Grosjean
93.6%
2015Romain Grosjean
93.5%
2014Nico Hulkenberg
92.2%
2015Sergio Perez
92%
2013Sergio Perez
91.8%
2014Sergio Perez
91.8%
2015Daniil Kvyat
90.3%
2005David Coulthard
89.3%
2004Jarno Trulli
85.8%
2005Jarno Trulli
85.8%
2007Jarno Trulli
85.8%
2008Jarno Trulli
85.8%
2009Jarno Trulli
85.8%
2007Robert Kubica
84.7%
2008Robert Kubica
84.7%
2006Juan Pablo Montoya
83.3%
2007Nick Heidfeld
82.7%
2008Nick Heidfeld
82.7%
2007Giancarlo Fisichella
82%
2008Heikki Kovalainen
79.8%
2012Paul di Resta
79.6%
2013Paul di Resta
79.6%
2009Timo Glock
73.3%
2004Takuma Sato
72.2%
2005Pedro de la Rosa
64%
2006Christian Klien
63.1%
2010Vitantonio Liuzzi
54.9%

You're not logged in!

Compare scores with friends on all Sporcle quizzes.
Join for Free
OR
Log In

You Might Also Like...

Show Comments

Extras

Curator's Pick Apr 2, 2016ReportNominate
Tags:Auto Racing Quiz, 2004, formula, grand, Grand Prix, prix

Top Quizzes Today


Score Distribution

Your Account Isn't Verified!

In order to create a playlist on Sporcle, you need to verify the email address you used during registration. Go to your Sporcle Settings to finish the process.

Report this User

Report this user for behavior that violates our Community Guidelines.

Details: